00250nam a2200097Ia 4500008004100000100001500041245004500056260003500101300000800136650000800144191201s2010 xx 000 0 und d aNARULA, SS 0aInnovative Strategies for Value Creation aN. DelhibG K Publishersc2010 a203 aBBA